Possibilities and some results of an energy-saving broiler keeping system

Bibliographic Details
Main Authors: Adam, T. (Author), Hecser, G. (Author)
Format: Article
Language:English
Subjects:

MARC

LEADER 00000nab a2200000 a 4500
001 vtls000170547
003 SK-MaSNL
005 20260318125033.0
008 111031c1982 xo 0 eng
015 |a SNBRA19rr/mm-uuuuu 
035 |a CL0180658 
040 |a SNKBUCL  |b slo  |c SNKBUCL  |e AACR2 
041 0 |a eng 
044 |a xo  |c SK 
080 |a 636.5:636.083.3  |2 1981 
080 |a 636.083.3  |2 1981 
080 |a 620.9  |2 1981 
100 1 |a Adam, T.  |4 aut  |9 792920 
245 1 0 |a Possibilities and some results of an energy-saving broiler keeping system  |c T. Adam, G. Hecser 
650 0 7 |a hydina  |2 snkbucl  |9 2747 
650 0 7 |a energia  |2 snkbucl  |9 15416 
655 7 |a články zo zborníkov  |2 snkbucl  |9 166140 
700 1 |a Hecser, G.  |4 aut  |9 1265901 
773 0 |t Fourth international congress of animal hygiene  |d Bratislava : ÚVO, 1982 
850 |a Slovenská národná knižnica v Martine  |a MTA001 
852 |a SNK  |b KIS3GCP 
958 |a RK 
992 |a RZB 
999 |c 2265608  |d 2267538